000 00376cam a22001217a 4500
008 180718b1986 xxu||||| |||| 00| 0 eng d
082 _aA81x54 In2/81/4/PT4A
100 _aCensus of India 1981
245 _aBihar: social and cultural tables
260 _aDelhi
_bController of Publications
_c1986
300 _a577+p.
440 _aCensus of India 1981. Series-4, Bihar. Part-IVA
999 _c481964
_d481964